Elektrovozidlá a zmeny účinné od roku 2025

S cieľom podpory elektromobility na Slovensku dochádza od 1. 1. 2025 k niekoľkým zmenám, ktoré článok približuje. Nastali zmeny v odpisovaní elektrovozidiel a zdanení nepeňažného príjmu zamestnanca pri používaní služobného elektromobilu alebo plug-in hybridu na služobné aj súkromné účely. Doplnil sa...

Descrizione completa

Salvato in:
Dettagli Bibliografici
Autore principale: Jurišová, Simona
Natura: Capitolo di libro
Lingua:slovacco
Soggetti:
Tags: Aggiungi Tag
Nessun Tag, puoi essere il primo ad aggiungerne!!

MARC

LEADER 00000naa a2200000 4500
001 0307432
005 20250303114426.6
041 0 |a slo 
044 |a SK 
245 1 0 |a Elektrovozidlá a zmeny účinné od roku 2025  |c Simona Jurišová 
520 |a S cieľom podpory elektromobility na Slovensku dochádza od 1. 1. 2025 k niekoľkým zmenám, ktoré článok približuje. Nastali zmeny v odpisovaní elektrovozidiel a zdanení nepeňažného príjmu zamestnanca pri používaní služobného elektromobilu alebo plug-in hybridu na služobné aj súkromné účely. Doplnil sa nový spôsob preukazovania spotreby elektrickej energie pri domácom nabíjaní vozidiel. Z pohľadu zákona o dani z pridanej hodnoty sa mení klasifikácia finančného prenájmu na dodanie tovaru, ktorá sa môže aplikovať aj pri elektrovozidlách. Poslednou zmenou je zúženie kategórie vozidiel, pri ktorých sa môže uplatniť nulová alebo znížená sadzba dane z motorových vozidiel. 
610 2 0 |a účtovníctvo daňové 
610 2 0 |a dane z vozidiel motorových 
610 2 0 |a elektromobily 
610 2 0 |a dane z príjmov 
610 2 0 |a dane z hodnoty pridanej 
610 2 0 |a novelizácia 
610 2 0 |a zákony 
610 2 0 |a legislatíva 
100 1 |a Jurišová, Simona